000 00635nam a22002297a 4500
003 UA-OsUOA
001 82074
007 ta
008 20120215b un ||||| |||| 00| 0 ukr d
100 _aЛиса Н.
090 _a82.09(477)
_bЛ63
942 _cBK
040 _aUA-OsUOA
_bukr
_cUA-OsUOA
_dUA-OsUOA
245 _aБогдан Лепкий в духовній історії України
300 _a56 с.
955 _a2
041 _aukr
080 _a82.09(477)
260 _aЧікаго-Тернопіль
_c1996
650 7 _a82 Література. Літературознавство
_2UDC
999 _c368379
_d368379